Statistics for All time Minnesota Timberwolves team

Click here to take the quiz!

General Stats

  • This quiz has been taken 163 times
  • The average score is 4 of 19

Answer Stats

Position and NumberAnswer% Correct
Pf #21Kevin Garnett
100%
Pf #42Kevin Love
63%
Pg #19Sam Cassell
51%
Pg #9Ricky Rubio
42%
Pg #3Stephon Marbury
22%
Sf #8Latrell Sprewell
19%
Pf #24Tom Gugliotta
17%
Sf #10Wally Szczerbiak
17%
C #25Al Jefferson
15%
Sf #42Sam Mitchell
10%
Pg #24Pooh Richardson
8%
Sg #34Isaiah Rider
7%
Sg #5Doug West
6%
Pg #7Terrell Brandon
6%
Sf #19Tony Campbell
5%
Sg #2Malik Sealy
3%
Pg #30Terry Porter
2%
Sg #23Trenton Hassell
2%
Pg #16Troy Hudson
2%

Score Distribution

Percentile by Number Answered

Percent of People with Each Score

Your Score History

You have not taken this quiz